书目信息 |
| 题名: |
太阳热水器与太阳灶
|
|
| 作者: | 罗运俊 编 | |
| 分册: | ||
| 出版信息: | 北京 化学工业出版社 1999.01 |
|
| 页数: | 100页 | |
| 开本: | 32开 | |
| 丛书名: | ||
| 单 册: | ||
| 中图分类: | TK51-49 | |
| 科图分类: | ||
| 主题词: | 太阳能--技术 | |
| 电子资源: | ||
| ISBN: | 7-5025-2385-5 | |
| 000 | 00559nam0 2200193 45 | |
| 001 | 0011161805 | |
| 005 | 20001116183803.6 | |
| 010 | @a7-5025-2385-5@d4.00元 | |
| 100 | @a20001116d1999 km y0chiy0120 ea | |
| 101 | 0 | @achi |
| 105 | @a z 000yy | |
| 200 | 1 | @a太阳热水器与太阳灶@ATai Yang Re Shui Qi Yu Tai Yang Zao@f罗运俊编@FLuo Yun Jun Bian |
| 210 | @a北京@c化学工业出版社@d1999.01 | |
| 215 | @a100页@d32开 | |
| 606 | 0 | @a太阳能@x技术 |
| 690 | @aTK51-49@v3 | |
| 701 | 0 | @a罗运俊@4编 |
| 801 | @aCN@bPftUser@c20001116 | |
| 905 | @b409834-838@dTK51-49@eL361@f5 | |
| 太阳热水器与太阳灶/罗运俊编.-北京:化学工业出版社,1999.01 |
| 100页;32开 |
| ISBN 7-5025-2385-5:4.00元 |
| ● |
| 相关链接 |
|
|
|
正题名:太阳热水器与太阳灶
索取号:TK51-49/L361
 
预约/预借
| 序号 | 登录号 | 条形码 | 馆藏地/架位号 | 状态 | 备注 |
| 1 | 409834 | 204098341 | 自科二线504/504自科库 13排4列3层/ [索取号:TK51-49/L361] | 在馆 | |
| 2 | 409835 | 204098350 | 自科二线504/504自科库 13排4列3层/ [索取号:TK51-49/L361] | 在馆 | |
| 3 | 409836 | 204098369 | 自科库501/504自科库 13排4列3层/ [索取号:TK51-49/L361] | 在馆 | |
| 4 | 409837 | 204098378 | 自科二线504/504自科库 13排4列3层/ [索取号:TK51-49/L361] | 在馆 | |
| 5 | 409838 | 204098387 | 自科二线504/504自科库 13排4列3层/ [索取号:TK51-49/L361] | 在馆 |